| 000 | 00660cam a2200217 4500 | ||
|---|---|---|---|
| 001 | 1507 | ||
| 005 | 20181127163428.0 | ||
| 008 | 010516s2000 nyua b 000 1 eng d | ||
| 010 | _a 2001269378 | ||
| 020 | _a0066210828 (alk. paper) | ||
| 041 | 1 |
_aeng _hchi |
|
| 100 | 1 | _aGao, Xingjian. | |
| 240 | 1 | 0 |
_aLing shan. _lEnglish |
| 245 | 1 | 0 |
_aSoul mountain / _cGao Xingjian ; translated from the Chinese by Mabel Lee. |
| 246 | 3 | 1 | _aLing shan |
| 260 |
_aNew York : _bHarperPerennial, _c2001. |
||
| 300 |
_axi, 510 p. : _bill. ; _c25 cm. |
||
| 500 | _aParallel title in Chinese characters. | ||
| 504 | _aList of author's works: p. 507-510. | ||
| 700 | 1 | _aLee, Mabel. | |
| 999 |
_c1122 _d1122 |
||